000 00731cam a2200289 4500
001 ABS68818
008 050322n2005 000 0 eng u
035 _a(Sirsi) u129130
245 _aRegional: London boroughs west
260 _c2005
490 _aProperty Week
_v70(11) 18 March 2005, 99-115(8)
590 _aABS
650 _aWHITE CITY
650 _aHAMMERSMITH
650 _aUXBRIDGE
650 _aHOUNSLOW
650 _aINDUSTRIAL
650 _aLEISURE
650 _aRETAIL
650 _aOFFICES
650 _aREGENERATION
650 _aINVESTMENT
650 _aBUSINESS PARKS
650 _aMIXED-USE DEVELOPMENTS
690 _aPROPERTY-COMMERCIAL PROPERTY-COMMERCIAL PROPERTY MARKET
942 _n0
999 _c74964
_d74964